Digital electronics and logic design (Record no. 180231)

000 -LEADER
fixed length control field 00349nam a2200121Ia 4500
008 - FIXED-LENGTH DATA ELEMENTS--GENERAL INFORMATION
fixed length control field 220217s9999||||xx |||||||||||||| ||und||
020 ## - INTERNATIONAL STANDARD BOOK NUMBER
International Standard Book Number 978-81-203-1956-1
082 ## - DEWEY DECIMAL CLASSIFICATION NUMBER
Classification number 621.395 NAI
100 ## - MAIN ENTRY--PERSONAL NAME
Personal name Nair, Somanathan, B
9 (RLIN) 2632
245 #0 - TITLE STATEMENT
Title Digital electronics and logic design
260 ## - PUBLICATION, DISTRIBUTION, ETC.
Place of publication, distribution, etc. Prentice hall of india
Name of publisher, distributor, etc. New Delhi
Date of publication, distribution, etc. 2009
300 ## - PHYSICAL DESCRIPTION
Other physical details 250
Holdings
Withdrawn status Lost status Damaged status Not for loan Collection code Home library Current library Shelving location Date acquired Full call number Barcode Date last seen Price effective from Koha item type
        Electronics and Communication Engineering Central Library Central Library Book Cart 02/18/2022 621.395 NAI 15420 02/18/2022 02/18/2022 Books

Powered by Koha